Stati tra 25 000 000 e 30 000 000 abitanti - Statistics

Statistiche generali
  • Questo quiz è stato fatto 11 volte
  • Il punteggio medio è 4 su 8
Statistiche sulle risposte
Popolazione (ab.) Continente Nazione % Corretto
26 461 912 Ocenia Australia
100%
28 302 000 America del Sud Venezuela
88%
25 369 415 Africa Niger
63%
28 088 845 Africa Camerun
50%
25 660 000 Asia Corea del Nord
38%
26 923 353 Africa Madagascar
38%
29 164 578 Asia Nepal
38%
29 389 150 Africa Costa d'Avorio
25%
Nessun quiz corrispondente trovato
Distribuzione punteggi
Percentuale di utenti per punteggio
Percentile per numero di risposta
I tuoi punteggi nel tempo
Non hai fatto questo quiz